000 00489nam a22001817a 4500
001 TVUNI
005 20260126014656.0
008 221102s2010 vm vie d
020 _c35000
040 _aTVUNI
_eAACR2
041 0 _avie
100 1 _aPhan, Duy Minh
245 1 0 _aGiáo trình quản trị tài chính công ty đa quốc gia /
_cPhan Duy Minh
260 _aHà Nội :
_bTài Chính,
_c2010
300 _a290 tr. ;
_c21 cm.
942 _2ddc
_cBK
999 _c2862
_d2862
912 _a1
_bHiển Phạm